[Event "1st Fischer Memorial 2017"]
[Site "Heraklion"]
[Date "2017.04.17"]
[Round "1"]
[White "Postny, Evgeny"]
[Black "Gungl, Theo"]
[Result "1/2-1/2"]
[WhiteElo "2606"]
[BlackElo "2269"]
[Annotator "TA"]
[PlyCount "114"]
[EventDate "2017.??.??"]
[EventType "tourn"]
[EventCountry "GRE"]
[SourceTitle "playchess.com"]
[Source "ChessBase"]
[SourceQuality "1"]

{[%evp 24,114,22,26,39,15,22,16,34,46,36,46,39,29,29,29,29,15,29,29,29,29,30,31,30,17,25,16,31,15,29,26,33,14,27,0,0,0,0,0,66,20,35,16,32,31,32,32,32,34,38,12,16,16,15,12,16,11,19,19,26,0,0,0,93,93,95,95,99,29,29,29,29,29,29,29,33,33,33,33,33,33,33,33,33,33,39,39,47,47,47,33,47]} 1. d4 d5 2. c4 c6 3. Nf3 Nf6 4. Qc2 e6 5. g3 Nbd7 6. Bg2 Be7 7. O-O O-O 8. b3 b6 9. Bb2 Bb7 10. Nc3 Rc8 11. e4 dxe4 12. Nxe4 Nxe4 13. Qxe4 Nf6 {E09: Closed Catalan: Main Line: 7 Qc2 c6 8 Nbd2} 14. Qc2 c5 15. Rad1 Bxf3 {The position is equal.} (15... cxd4 16. Bxd4 Qc7 17. Ng5 h6 18. Bxf6 hxg5 19. Bxe7 Qxe7 20. Bxb7 Qxb7 21. Rd4 e5 {½-½ (49) Swiercz,D (2620)-Bruzon Batista,L (2659) Berlin 2015}) 16. Bxf3 {dxc5 is the strong threat.} cxd4 17. Bxd4 Qc7 18. Qe2 $146 (18. Qb2 Rfd8 19. Be5 Qc5 20. Bb7 Rxd1 21. Rxd1 Rd8 22. Rxd8+ Bxd8 {½-½ (35) Bates,R (2430)-Bisby,D (2190) Witley 1998}) 18... Rcd8 19. Qe5 Bd6 20. Qe3 Bc5 {[#] Threatens to win with ...Rxd4.} 21. Be5 Qe7 22. Qf4 Rxd1 23. Rxd1 Rd8 24. Kg2 Rxd1 25. Bxd1 Qd8 26. Bc2 Qa8+ 27. Kg1 Qd8 28. h3 Nh5 29. Qe4 Qd2 30. Qa8+ (30. Qxh7+ $2 Kf8 31. Bd6+ Qxd6 $19) 30... Bf8 31. Kg2 f6 ({Don't go for} 31... Qxc2 $2 32. Bd6 h6 33. Qxf8+ Kh7 34. Qxf7 $18) (31... Nf6 $11 32. Bb1 (32. Bxf6 gxf6 33. Bxh7+ Kg7 $11) 32... Qd1) 32. Qe8 fxe5 33. Qxe6+ Kh8 34. Qf7 {[%cal Rf7f8]} Nf4+ $1 35. gxf4 Qxf4 36. Bf5 {[%cal Rf7f8]} Qg5+ 37. Kf3 {[%cal Rf7f8]} Qf6 (37... Qd8 $5 {creates asymmetry.} 38. Bd7 Bc5 39. Ke4 Qh4+ 40. Kd5 Qf4) 38. Qxf6 gxf6 $11 {[%mdl 4096] Endgame KB-KB} 39. Ke4 Bc5 40. f3 Kg7 41. Kd5 h5 42. Kc6 h4 43. a4 {[%cal Ba2a4,Ba4a5,Ba5a6][%mdl 32]} Kf7 {[#]} (43... Kh6 $11) 44. a5 $1 $16 {[%mdl 512]} Ke7 (44... bxa5 45. Kxc5) 45. a6 Ba3 46. Kb5 ({Better is} 46. Kb7 $16 Kd6 47. Kxa7) 46... Kd6 47. b4 {[%cal Bb3b4,Bb4c5][%mdl 32]} Bc1 48. c5+ bxc5 49. bxc5+ Kc7 50. Kc4 {White is slightly better.} Be3 51. Kd5 Bf2 52. Be4 Be3 53. c6 Bf4 54. Ke6 Bg5 55. Bd5 Be3 56. Kxf6 Bf4 57. Kf5 Bg3 1/2-1/2

[Event "1st Fischer Memorial 2017"]
[Site "Heraklion"]
[Date "2017.04.17"]
[Round "1"]
[White "Theodorou, Nikolas"]
[Black "Mitsis, Georgios"]
[Result "1-0"]
[WhiteElo "2487"]
[BlackElo "2239"]
[Annotator "TA"]
[PlyCount "81"]
[EventDate "2017.??.??"]
[EventType "tourn"]
[EventCountry "GRE"]
[SourceTitle "playchess.com"]
[Source "ChessBase"]
[SourceQuality "1"]

{[%evp 27,81,18,40,31,43,41,66,62,61,49,69,0,12,0,0,0,0,-11,33,18,74,47,52,58,117,109,101,101,102,91,147,145,143,150,149,131,216,201,227,231,327,308,304,326,515,502,634,632,616,619,597,600,916,909,897,881]} 1. e4 e6 2. d4 d5 3. Nd2 Nf6 4. e5 Nfd7 5. Bd3 c5 6. c3 Nc6 7. Ne2 cxd4 8. cxd4 Qb6 9. Nf3 f6 10. exf6 Nxf6 11. O-O Bd6 12. Nc3 O-O 13. Be3 Bd7 14. a3 Rac8 {LiveBook: 6 Games. C06: French Tarrasch: 3...Nf6 4 e5 Nfd7 5 Bd3 main lines} (14... Rae8 15. Ne5 Bxe5 16. dxe5 d4 17. exf6 dxe3 18. Bxh7+ Kxh7 19. Qxd7 exf2+ 20. Kh1 Kh6 21. Qxg7+ Kh5 22. f7 Rd8 23. Ne4 {1-0 (23) Navara,D (2730)-Harshkou,M (2300) Minsk 2015}) 15. Rc1 Ne7 16. Ne5 Be8 {White is slightly better.} ({Much worse is} 16... Qxb2 $6 17. Nxd7 Rxc3 18. Nxf8 Kxf8 19. Rxc3 Qxc3 20. a4 $16) 17. Qd2 Qd8 $146 (17... Nd7 18. Ne2 Rxc1 19. Rxc1 Nf5 20. Bxf5 exf5 21. Nf4 Nf6 22. f3 {1-0 (39) Unzicker,W-Kanko,I Tel Aviv 1964}) 18. h3 Nc6 19. Nxc6 ({White should play} 19. f4 $14) 19... Bxc6 $11 20. Rfe1 Qd7 21. Qd1 Rce8 22. Rc2 b5 23. b4 e5 (23... a6 $11) 24. dxe5 $16 Bxe5 {[#] Threatens to win with ...d4.} 25. Bc5 $1 {[%cal Rc5f8]} Bxc3 (25... Rf7 $14) 26. Rxe8 Rxe8 27. Rxc3 Ne4 28. Rc1 {[%cal Bc3c1,Bc1d1,Bd1e1,Be1e8][%mdl 32]} a6 ({Better is} 28... d4) 29. Bd4 Bb7 30. Qh5 Rc8 31. Rd1 {And now f3 would win.} Qe8 (31... Qf7 $16 32. Qh4 Re8) 32. Qh4 $18 {Hoping for f3.} Rc6 33. f3 $40 {[%mdl 128] White wants a kill.} Rh6 (33... Nf6 $142 34. Bxf6 Qe3+ 35. Kf1 Rxf6 36. Qxh7+ Kf8 37. Qh8+ (37. Re1 Rxf3+ 38. gxf3 Qxf3+ 39. Kg1 Qg3+ 40. Kf1 Qf3+ 41. Kg1 Qg3+ 42. Kf1 Qf3+ $11) 37... Kf7 38. Qh5+ Kf8 39. Qh8+ Kf7) 34. Qe1 Nf6 35. Qg3 Bc8 (35... Nh5 {is a better defense.} 36. Qc7 Ba8) 36. Re1 {White is clearly winning.} Qf7 37. Qb8 Qb7 38. Qd6 {Bc5 would kill now.} Qd7 39. Qc5 Nh5 {[#]} 40. Bf5 $1 {[%mdl 512]} Qxf5 41. Re8+ 1-0

[Event "1st Fischer Memorial 2017"]
[Site "Heraklion"]
[Date "2017.04.17"]
[Round "1"]
[White "Kapnisis, Spyridon"]
[Black "Migot, Tangi"]
[Result "1-0"]
[WhiteElo "2451"]
[BlackElo "2355"]
[Annotator "TA"]
[PlyCount "51"]
[EventDate "2017.??.??"]
[EventType "tourn"]
[EventCountry "GRE"]
[SourceTitle "playchess.com"]
[Source "ChessBase"]
[SourceQuality "1"]

1. c4 $146 (1. e4 c5 2. Nf3 e6 3. c3 Nf6 4. e5 Nd5 5. d4 cxd4 6. cxd4 d6 7. Nc3 Nxc3 8. bxc3 Qc7 9. Bd2 Nd7 10. exd6 Bxd6 11. Bd3 b6 12. Qe2 Bb7 13. O-O O-O 14. h3 Bf4 15. Bxf4 Qxf4 16. Qe3 Qc7 17. Rac1 Rac8 18. Rfe1 Rfd8 19. a4 Qd6 20. Bb5 Rc7 {0-1 (59) Cori Tello,J (2418)-Savchenko,S (2529) La Laguna 2009}) 1... e5 2. g3 Nf6 3. Bg2 d5 4. cxd5 Nxd5 5. Nc3 Nb6 6. e3 Be7 {A22: English Opening: 1...e5 2 Nc3 Nf6} (6... Nc6 7. Nge2 h5 8. h3 h4 9. g4 f5 10. d4 exd4 11. exd4 fxg4 12. Qd3 Qf6 13. Ne4 Bb4+ 14. Bd2 {0-1 (46) Caruana,F (2804)-Vachier Lagrave,M (2789) Paris 2016}) 7. Nge2 O-O 8. O-O c6 9. b3 Na6 {[%cal Bb8a6,Ba6b4,Bb4d3][%mdl 32]} 10. f4 Nb4 11. fxe5 Nd3 12. Nf4 Nxe5 13. Bb2 f5 $146 (13... Bg4 14. Qc2 Ng6 15. a4 {0-1 (86) Klekowski,M (2448)-Zelcic,R (2496) Zadar 2016}) 14. Nce2 Bd6 15. Qc2 Qe7 16. a4 a5 17. Nd4 Bd7 18. Rae1 c5 19. Nb5 Bxb5 20. axb5 Qd7 21. Bxe5 Bxe5 22. Qxc5 Bxf4 23. exf4 Rf6 24. Re7 Qxd2 25. Rxb7 Rc8 26. Bc6 1-0

[Event "1st Fischer Memorial 2017"]
[Site "Heraklion"]
[Date "2017.04.17"]
[Round "1"]
[White "Ristic, Nenad"]
[Black "Pavlidis, Anastasios"]
[Result "0-1"]
[WhiteElo "2414"]
[BlackElo "2380"]
[Annotator "TA"]
[PlyCount "72"]
[EventDate "2017.??.??"]
[EventType "tourn"]
[EventCountry "GRE"]
[SourceTitle "playchess.com"]
[Source "ChessBase"]
[SourceQuality "1"]

{[%evp 8,72,37,35,28,28,23,26,35,35,34,22,28,27,31,0,0,0,2,11,31,11,32,18,110,52,66,19,21,18,11,10,25,52,98,0,0,0,0,0,0,-86,0,0,0,0,0,0,-20,-22,0,-597,-589,-596,-586,-791,-767,-889,-884,-857,-858,-1235,-1186,-1226,-1146,-5985,-5935]} 1. e4 e5 2. Nf3 Nc6 3. Bb5 Nge7 4. O-O g6 5. c3 a6 {C60: Ruy Lopez: Unusual Black 3rd moves and 3...g6} 6. Bc4 Bg7 7. d4 exd4 {White has an edge.} 8. cxd4 b5 9. Bb3 O-O (9... d6 10. Nc3 O-O 11. h3 Na5 12. Bg5 h6 13. Bxe7 Qxe7 14. Nd5 Qd8 15. Rc1 c6 16. Nf4 {½-½ (48) Vachier Lagrave,M (2758)-Mamedyarov,S (2765) Beijing 2014}) 10. d5 Na5 11. Bc2 d6 12. Nc3 Nc4 13. Rb1 f5 $146 (13... c5 14. dxc6 Nxc6 15. Nd5 Bg4 16. h3 Bxf3 17. Qxf3 {1-0 (35) Rozum,I (2559)-Trifonov,D (2198) Minsk 2015}) 14. a4 b4 15. Ne2 $1 Kh8 (15... c5 $11 {keeps the balance.}) 16. Nfd4 (16. Nf4 $16) 16... fxe4 $14 17. Nf4 (17. Bxe4 $5 {creates asymmetry.} Nf5 18. Ne6 Bxe6 19. dxe6 Rc8 20. Bb7) 17... Rxf4 $1 18. Bxf4 Nxd5 19. Bxe4 Nxf4 20. Bxa8 c5 21. Ne2 (21. Qc1 $16) 21... Bg4 $11 22. f3 Nxg2 23. fxg4 Qxa8 $40 {[%mdl 128] Black mounts an attack.} 24. Qd3 {[#]} (24. Rf2 $11 Nh4 25. Rc1 Nf3+ 26. Rxf3 Qxf3 27. Rxc4) 24... Nge3 ({Not} 24... Bxb2 $2 25. Rf2 (25. Qf3 Qxf3 26. Rxf3 Nh4 $16) 25... Nge3 {[#]} 26. Rxb2 $1 $18 {[%mdl 512]}) ({Better is} 24... Nh4 $1 $17 {[%csl Gh4][%cal Ra8g2]} 25. Qh3 g5) 25. Rf2 Bh6 $1 26. g5 Bxg5 27. Ng3 {With the idea Ne4.} d5 {[%cal Bd6d5,Bd5d4,Bd4d3,Bd3d2][%mdl 32] White must now prevent ...Ng4.} 28. Qe2 $1 d4 {...Ne5 is the strong threat.} 29. Qf3 $2 {[%mdl 8192]} (29. Rc1 $11 {and White is okay.}) 29... Qxf3 $19 {Black is clearly winning.} 30. Rxf3 Nd2 $1 {[%csl LRb1,LRf3]} 31. Rf8+ Kg7 32. Rc8 Nxb1 33. Ne4 d3 34. Rc7+ Kh6 35. Rd7 c4 36. Nd6 d2 0-1

[Event "1st Fischer Memorial 2017"]
[Site "Heraklion"]
[Date "2017.04.17"]
[Round "1"]
[White "Kourkoulos-Arditis, Stamatis"]
[Black "Goumas, Georgios"]
[Result "1/2-1/2"]
[WhiteElo "2365"]
[BlackElo "2407"]
[Annotator "RC"]
[PlyCount "85"]
[EventDate "2017.??.??"]
[EventType "tourn"]
[EventCountry "GRE"]
[SourceTitle "playchess.com"]
[Source "ChessBase"]
[SourceQuality "1"]
[TimeControl "40/5400+30:1800+30"]

1. Nf3 {[%emt 0:00:00]} d5 {[%emt 0:00:20]} 2. d4 {[%emt 0:00:12]} Nf6 {[%emt 0:00:16]} 3. g3 {[%emt 0:00:57]} Bf5 {[%emt 0:00:39]} 4. Bg2 {[%emt 0:00:30]} e6 {[%emt 0:00:11]} 5. c4 {[%emt 0:01:26]} c6 {[%emt 0:00:32]} 6. Nc3 {[%emt 0:01:13]} Nbd7 {[%emt 0:02:26]} 7. Nh4 Bg4 {[%emt 0:08:16]} 8. h3 {[%emt 0:10:17]} Bh5 {[%emt 0:00:07]} 9. g4 {[%emt 0:00:10]} Bg6 {[%emt 0:29:42]} 10. Nxg6 {[%emt 0:14:05]} hxg6 {[%emt 0:00:15]} 11. cxd5 {[%emt 0:03:12]} exd5 {[%emt 0:01:16]} 12. Bf4 {[%emt 0:01:03]} Nb6 {[%emt 0:00:36]} 13. Qd3 {[%emt 0:14:09]} Bd6 {[%emt 0:04:34]} 14. Qg3 {[%emt 0:03:12]} Nc4 {[%emt 0:03:01]} 15. b3 {[%emt 0:02:32]} Bxf4 {[%emt 0:03:51]} 16. Qxf4 {[%emt 0:00:08]} Qd6 {[%emt 0:00:12]} 17. Qxd6 {[%emt 0:03:54]} Nxd6 {[%emt 0:00:08]} 18. f3 {[%emt 0:00:05]} O-O-O {[%emt 0:01:58]} 19. Kf2 {[%emt 0:02:00]} Nd7 {[%emt 0:02:37]} 20. e4 {[%emt 0:04:16]} dxe4 {[%emt 0:05:36]} 21. fxe4 {[%emt 0:00:05]} f6 {[%emt 0:04:25]} 22. b4 {[%emt 0:01:01]} Nf8 {[%emt 0:02:59]} 23. Rac1 {[%emt 0:14:36]} Ne6 {[%emt 0:04:12]} 24. Ne2 {[%emt 0:02:43]} Kb8 {[%emt 0:02:29]} 25. d5 {[%emt 0:01:28]} cxd5 {[%emt 0:03:48]} 26. exd5 {[%emt 0:00:06]} Nc7 {[%emt 0:00:26]} 27. Rhe1 {[%emt 0:03:44]} Nf7 {[%emt 0:03:58]} 28. Rcd1 {[%emt 0:05:33]} Rd7 {[%emt 0:06:09]} 29. Nf4 {[%emt 0:02:30]} Ne5 {[%emt 0:00:39]} 30. Nd3 {[%emt 0:06:01]} Nxd3+ {[%emt 0:00:30]} 31. Rxd3 {[%emt 0:00:02]} Rhd8 {[%emt 0:02:25]} 32. Red1 {[%emt 0:00:14]} g5 {[%emt 0:03:20]} 33. Be4 {[%emt 0:00:07]} Rd6 {[%emt 0:01:09]} 34. a4 {[%emt 0:01:18]} Re8 {[%emt 0:00:15]} 35. Re3 {[%emt 0:00:36]} Red8 {[%emt 0:00:50]} 36. Bf3 {[%emt 0:00:21]} R6d7 {[%emt 0:01:42]} 37. a5 {[%emt 0:01:11]} Nxd5 {[%emt 0:00:48]} 38. Red3 {[%emt 0:00:13]} Nb6 {[%emt 0:00:08]} 39. Rxd7 {[%emt 0:00:23]} Nxd7 {[%emt 0:00:01]} 40. b5 {[%emt 0:00:00]} Kc7 {[%emt 0:02:34]} 41. Rc1+ {[%emt 0:03:00]} Kb8 {[%emt 0:00:44]} 42. Rd1 {[%emt 0:00:07]} Kc7 {[%emt 0:04:38]} 43. Rc1+ {[%emt 0:00:04]} 1/2-1/2

[Event "1st Fischer Memorial 2017"]
[Site "Heraklion"]
[Date "2017.04.18"]
[Round "2"]
[White "Ristic, Nenad"]
[Black "Kapnisis, Spyridon"]
[Result "0-1"]
[WhiteElo "2414"]
[BlackElo "2451"]
[Annotator "TA"]
[PlyCount "68"]
[EventDate "2017.??.??"]
[EventType "tourn"]
[EventCountry "GRE"]
[SourceTitle "playchess.com"]
[Source "ChessBase"]
[SourceQuality "1"]

{[%evp 12,68,13,20,29,32,32,21,74,-21,-8,-29,0,-63,-60,-64,-66,-65,-66,-71,-65,-92,-70,-319,-319,-309,-317,-306,-232,-234,-235,-232,-220,-227,-221,-225,-221,-224,-228,-303,-278,-327,-333,-365,-371,-495,-484,-622,-387,-600,-627,-702,-698,-683,-673,-688,-636,-1665,-1952]} 1. e4 c5 2. Nf3 g6 3. d4 cxd4 4. Qxd4 Nf6 5. Nc3 Nc6 6. Qa4 d6 7. e5 Ng4 {B27: Sicilian: 2 Nf3, unusual Black 2nd moves} (7... dxe5 8. Nxe5 Bd7 9. Nxd7 Qxd7 10. Be3 Bg7 11. Rd1 Qg4 12. Rd4 Qf5 13. Bd3 Qe5 14. Rb4 Qc7 15. Bb5 O-O 16. Rc4 {0-1 (36) Wei,Y (2706)-Bu,X (2681) China 2015}) 8. exd6 Qxd6 9. Bf4 Qc5 {The position is equal.} 10. O-O-O (10. Ne4 $16 Qf5 11. Bb5) 10... Bg7 $1 $11 {[%cal Rg7c3]} (10... Nxf2 $6 11. Rd5 (11. Ne4 Nxe4 12. Qxe4 Bf5 $17) 11... Qb6 12. Nb5 $14 (12. Rg1 Bg7 $11)) 11. Nd5 {Nc7+ would kill now.} O-O 12. b4 {[#]} ({White should try} 12. Rd2 $11) 12... Nxb4 $1 $15 {[%mdl 512]} ({Don't capture} 12... Qxf2 $2 13. Bg3 (13. Rd2 Be6 $16) 13... e6 14. Bxf2 $18) 13. Qxb4 Qxb4 14. Nxb4 {Strongly threatening Bg3.} Nxf2 15. Bc4 Bg4 $146 (15... Nxh1 16. Rxh1 {1-0 (64) Krejci,J (2525)-Loetscher,R (2418) Ruzomberok 2014}) 16. Bd5 Rad8 17. Rhf1 $2 (17. h3 $1 $15) 17... Nxd1 $19 18. Rxd1 a5 19. Bc7 Rc8 ({Not} 19... axb4 20. Bxd8 Rxd8 21. Bxf7+ $1 {[%mdl 512]} Kxf7 22. Rxd8 $16) 20. Bxa5 Rc5 21. Bd8 ({Reject} 21. Bb6 Rb5 22. Be3 Rxb4 $19) 21... Rxd8 22. Bxf7+ Kxf7 23. Rxd8 {[#]} Bxf3 $1 24. gxf3 {[%mdl 4096] Endgame KRB-KRN} Rh5 25. Rd7 Rxh2 26. Nd5 Bh6+ 27. Kb2 Ke6 28. Nb6 Bg7+ 29. Kb3 h5 {[%cal Bh7h5,Bh5h4,Bh4h3][%mdl 32]} 30. Rxb7 (30. Rd1 $142) 30... h4 {Black is clearly winning.} 31. Na4 h3 32. Nc5+ Kf7 {Hoping for ...Rg2.} 33. Rb4 g5 34. Ne4 Rg2 0-1

[Event "1st Fischer Memorial 2017"]
[Site "Heraklion"]
[Date "2017.04.18"]
[Round "2"]
[White "Goumas, Georgios"]
[Black "Theodorou, Nikolas"]
[Result "1/2-1/2"]
[WhiteElo "2407"]
[BlackElo "2487"]
[Annotator "TA"]
[PlyCount "93"]
[EventDate "2017.??.??"]
[EventType "tourn"]
[EventCountry "GRE"]
[SourceTitle "playchess.com"]
[Source "ChessBase"]
[SourceQuality "1"]

{[%evp 15,93,2,22,22,33,35,37,31,31,33,46,48,35,40,33,28,37,46,57,52,42,54,48,41,76,33,32,28,26,13,21,22,31,27,61,41,50,27,54,14,19,16,11,33,56,27,33,0,0,8,3,8,12,12,17,11,9,5,2,2,44,12,18,0,0,-10,-10,-10,-10,-10,0,-10,-11,-12,-11,-11,-11,-18,0,0]} 1. e4 e5 2. Nf3 Nc6 3. Bb5 Nf6 {[%cal Bg8f6,Bf6e4,Be4d6,Bd6c4][%mdl 32]} 4. O-O Nxe4 5. Qe2 Nd6 6. Bxc6 {C67: Ruy Lopez: Berlin Defence: 4 0-0 Nxe4} dxc6 7. Qxe5+ Qe7 8. Qa5 Nc4 {LiveBook: 3 Games} (8... Qd8 9. Qc3 Be6 10. d3 Qd7 11. Ne5 Qd8 12. Re1 Be7 13. Bf4 O-O {1-0 (52) Onischuk,V (2601)-Jakovenko,D (2704) Doha 2016}) 9. Qc3 Be6 10. Re1 O-O-O 11. Nd4 {aiming for Rxe6!} Nb6 12. Nxe6 fxe6 13. Qh3 Re8 14. Nc3 $146 Qf7 15. d3 Bd6 16. Ne4 Qf5 17. Qe3 Rhf8 18. Bd2 Kb8 19. c4 Nd7 20. Nxd6 (20. Rad1 $5 {with more complications.} b6 21. b4 Nf6 22. f3 Qe5 23. f4) 20... cxd6 21. Bb4 c5 22. Bc3 e5 23. b4 Rc8 24. Rad1 b6 25. bxc5 bxc5 26. Re2 (26. Rf1 $5 {creates asymmetry.} g5 27. h3 h5 28. f3 Ka8 29. Ba5) 26... Ka8 27. Qe4+ Qxe4 28. dxe4 Rc6 29. Red2 Rb8 ({But not} 29... Nb6 $6 30. Rxd6 Kb7 31. Rxc6 (31. Bxe5 Rxd6 32. Rxd6 Rf7 $16) 31... Kxc6 32. Bxe5 $16) 30. f4 Nf6 31. Re2 exf4 {White should prevent ...Ng4.} 32. Bxf6 gxf6 $11 {[%mdl 4096] Endgame KRR-KRR} 33. Rf1 Rc7 34. Rxf4 Rf7 35. Rd2 Rb6 36. Kf2 Kb7 37. g4 Re7 38. Ke3 Re6 {The position is equal.} 39. Rf1 Rb4 40. Rc2 d5 41. cxd5 Rexe4+ 42. Kd2 Rbd4+ 43. Kc1 Rxd5 44. Rxf6 Rxg4 45. Rf7+ Kb6 46. Rxh7 c4 47. Rf2 1/2-1/2

[Event "1st Fischer Memorial 2017"]
[Site "Heraklion"]
[Date "2017.04.18"]
[Round "2"]
[White "Pavlidis, Anastasios"]
[Black "Gungl, Theo"]
[Result "1/2-1/2"]
[WhiteElo "2380"]
[BlackElo "2269"]
[Annotator "TA"]
[PlyCount "75"]
[EventDate "2017.??.??"]
[EventType "tourn"]
[EventCountry "GRE"]
[SourceTitle "playchess.com"]
[Source "ChessBase"]
[SourceQuality "1"]

{[%evp 17,75,8,18,7,0,-5,0,0,21,20,32,32,34,33,51,14,19,20,13,0,0,-193,-139,-118,-119,-136,-127,-97,-101,-58,0,0,-2,0,0,-55,-67,-55,0,0,0,0,0,0,0,0,0,0,0,0,0,0,0,0,0,0,0,0,0,0]} 1. d4 d5 2. c4 c6 3. Nf3 Nf6 4. e3 e6 5. Nbd2 c5 6. cxd5 exd5 7. dxc5 Bxc5 8. Bd3 Nc6 9. O-O O-O {LiveBook: 4 Games} 10. h3 {D30: Queen's Gambit Declined: Systems without Nc3} (10. a3 Bg4 11. Be2 Bb6 12. b4 Qe7 13. Bb2 Rad8 14. Nb3 Rfe8 15. Nbd4 Ne4 16. Nxc6 bxc6 17. Nd4 Bxe2 18. Qxe2 {½-½ (80) Mastrovasilis,A (2473)-Korneev,O (2611) Porto Carras 2005}) 10... h6 $146 (10... Re8 11. a3 a5 12. Nb3 Ba7 13. Nbd4 h6 14. Bd2 Ne4 15. Rc1 Bd7 16. Bc3 Rc8 17. Qb3 Nc5 18. Qd1 Ne4 19. Qb3 Nc5 20. Qd1 Ne4 {½-½ (20) Dovzik,J (2328)-Fuchs,G (2228) Austria 2013}) 11. Nb3 Bb6 12. Nbd4 Bd7 13. b3 Rc8 14. Bb2 Ne4 15. Nxc6 Bxc6 16. Qe2 Re8 17. Nd4 Qg5 18. Rad1 Bd7 {aiming for ...Bxh3.} 19. Bb5 $2 {[#]} (19. Nf3 $11 Qh5 20. Nd4) 19... Ng3 $1 {[%mdl 512]} (19... Bxh3 $19 {[%csl Gh3][%cal Rg5g2]} 20. f4 Qg6 21. Bxe8 Rxe8) 20. fxg3 $17 Rxe3 21. Qf2 Bxb5 22. Qxf7+ Kh8 23. Rf2 Qxg3 ({Better is} 23... Bd3 $15 24. Kh1 (24. Qxb7 $2 Rce8 25. Kh1 Qxg3 $19) 24... Rc7 25. Qf8+ Kh7) 24. Nxb5 $11 {[#] Hoping for Bd4.} Re7 $1 {[%cal Re7f7]} 25. Qxe7 Qxf2+ 26. Kh1 (26. Kh2 $11 Qxb2 27. Nd6 (27. Qxb7 $2 Qe5+ 28. Kh1 Rf8 $19)) 26... Qxb2 $15 27. Nd6 Rc1 (27... Qc2 $1 $15 28. Re1 Bc5) 28. Qf8+ $11 {The position is equal.} Kh7 29. Qf5+ Kg8 30. Qxd5+ Kh7 31. Qe4+ Kg8 32. Qe6+ Kh7 33. Qf5+ Kg8 34. Qf7+ Kh7 35. Qf5+ Kg8 36. Qd5+ Kh7 37. Qe4+ Kg8 38. Qd5+ 1/2-1/2

[Event "1st Fischer Memorial 2017"]
[Site "Heraklion"]
[Date "2017.04.18"]
[Round "2"]
[White "Migot, Tangi"]
[Black "Kourkoulos-Arditis, Stamatis"]
[Result "0-1"]
[WhiteElo "2355"]
[BlackElo "2365"]
[Annotator "TA"]
[PlyCount "104"]
[EventDate "2017.??.??"]
[EventType "tourn"]
[EventCountry "GRE"]
[SourceTitle "playchess.com"]
[Source "ChessBase"]
[SourceQuality "1"]

{[%evp 21,104,55,63,34,52,0,6,8,17,10,12,10,14,0,0,-6,16,-13,-17,-17,-19,-28,-51,-60,-68,-53,-77,-83,0,0,0,0,0,0,0,-22,-9,-44,-19,-103,0,-14,-13,-77,-66,-93,-93,-98,-100,-100,-100,-93,-94,-118,-99,-109,-93,-157,-147,-169,-147,-154,-157,-179,-159,-204,-137,-189,0,-200,-195,-218,-208,-205,0,-210,-172,-214,-192,-239,-224,-1749,-1752,-1491,-1464]} 1. e4 e6 2. d4 d5 3. Nc3 Bb4 4. e5 c5 5. a3 Bxc3+ 6. bxc3 Qa5 7. Bd2 Qa4 8. Qg4 g6 9. Nf3 {C18: French: 3 Nc3 Bb4: Main line: 7 h4 and 7 Qg4} Nc6 10. Qf4 (10. Be2 b6 11. O-O cxd4 12. Nxd4 Nxd4 13. cxd4 Ba6 14. Bxa6 Qxa6 15. c4 Ne7 16. Bb4 Qb7 17. Bxe7 Qxe7 18. cxd5 exd5 {1-0 (50) Bobras,P (2523)-Socko,B (2613) Bialystok 2016}) 10... h6 11. dxc5 Qxc2 {LiveBook: 4 Games} 12. Be2 (12. Nd4 $5 {looks sharper.} Nxd4 13. cxd4 Bd7 14. Qe3 Qe4 15. f3) 12... Qe4 13. Be3 $146 (13. Qxe4 $14 dxe4 14. Nd4) (13. Qxe4 dxe4 14. Nd4 Nge7 15. Nb5 Kf8 16. Rb1 Kg7 17. O-O {0-1 (79) Gutkind,K (1993)-Haimovich,T (2365) Douglas 2014}) 13... Qxf4 14. Bxf4 Nge7 15. h4 Bd7 16. Nd4 Na5 17. Rb1 Rc8 18. Be3 Rc7 19. Nb5 Bxb5 $1 20. Rxb5 Nec6 21. h5 g5 22. f4 gxf4 23. Bxf4 a6 24. Rb1 Ne7 ({Black should try} 24... Nb8 $17) 25. Be3 $11 Nc4 26. Bxc4 $1 dxc4 27. g4 Nd5 $36 {[%mdl 2048] Black is pushing.} 28. Bd2 Kd7 29. Ke2 Rh7 30. Rbg1 (30. Rb2 $11) 30... Rc8 (30... Rxc5 $17 31. Kf3 Ne7) 31. g5 hxg5 ({Don't play} 31... Rxc5 $6 32. g6 (32. gxh6 Ne7 $14) 32... fxg6 33. hxg6 $14) 32. Rxg5 (32. h6 $1 $11 {keeps the balance.}) 32... Rch8 $1 $17 33. Kd1 Kc6 34. Kc2 Kxc5 35. a4 b5 36. axb5 axb5 37. Rh4 Kc6 38. Rh1 Ne7 39. Rh3 (39. Bf4 $142) 39... Kd5 40. Rh1 Nf5 41. h6 Kxe5 42. Rgh5 {[#]} Ra8 $1 43. Kb2 Rg8 44. Kc2 (44. R5h2 $17) 44... Ra8 45. Kb2 $1 f6 46. Rg1 Rha7 47. Kc2 Rh7 48. Kb2 $1 Kd6 49. Bf4+ Kc6 50. Re1 {[#]} Rha7 $1 {[%cal Ra7a2] ( -> ...Ra2+)} 51. Kc2 $2 ({Not} 51. Rxe6+ $2 Kd7 52. Bc1 Kxe6 $19) (51. Bc1 Ng3 52. Rh4) 51... Ra2+ $19 52. Kd1 Rd8+ 0-1